Beyond Perturbation / (Record no. 23209)
[ view plain ]
| 000 -LEADER | |
|---|---|
| fixed length control field | 00510nam a22001337a 4500 |
| 003 - CONTROL NUMBER IDENTIFIER | |
| control field | NUST |
| 005 - DATE AND TIME OF LATEST TRANSACTION | |
| control field | 20170606115435.0 |
| 008 - FIXED-LENGTH DATA ELEMENTS--GENERAL INFORMATION | |
| fixed length control field | 170606b xxu||||| |||| 00| 0 eng d |
| 010 ## - LIBRARY OF CONGRESS CONTROL NUMBER | |
| LC control number | 2003055776 |
| 022 ## - INTERNATIONAL STANDARD SERIAL NUMBER | |
| International Standard Serial Number | 158488407X |
| 024 ## - OTHER STANDARD IDENTIFIER | |
| Terms of availability | Available |
| 040 ## - CATALOGING SOURCE | |
| Original cataloging agency | DLC |
| Language of cataloging | DLC |
| Transcribing agency | RCMS |
| 082 ## - DEWEY DECIMAL CLASSIFICATION NUMBER | |
| Classification number | 514.24 LIA |
| 100 ## - MAIN ENTRY--PERSONAL NAME | |
| Personal name | Shijun Liao |
| 9 (RLIN) | 2038 |
| 245 ## - TITLE STATEMENT | |
| Title | Beyond Perturbation / |
| Remainder of title | Introduction to the Homotopy analysis Method |
| Statement of responsibility, etc. | Liao Shijun |
| 260 ## - PUBLICATION, DISTRIBUTION, ETC. | |
| Place of publication, distribution, etc. | America |
| Name of publisher, distributor, etc. | CRC Press LLC |
| Date of publication, distribution, etc. | c2004 |
| 300 ## - PHYSICAL DESCRIPTION | |
| Extent | xii,322,p: |
| Other physical details | ill: |
| Dimensions | 22,cm. |
| 440 ## - SERIES STATEMENT/ADDED ENTRY--TITLE | |
| Title | CRC Series : Modern Mechanics And Mathematics |
| 9 (RLIN) | 2039 |
| 500 ## - GENERAL NOTE | |
| General note | Includes bibliographical references and index |
| 538 ## - SYSTEM DETAILS NOTE | |
| Display text | Shelf No 1 Row No 3 |
| 650 ## - SUBJECT ADDED ENTRY--TOPICAL TERM | |
| Topical term or geographic name entry element | Modern Mechanics And Mathematics |
| 9 (RLIN) | 2040 |
| General subdivision | 1. Homotopy theory. 2. Mathematical analysis |
| 856 ## - ELECTRONIC LOCATION AND ACCESS | |
| Materials specified | Table of Content Only |
| 942 ## - ADDED ENTRY ELEMENTS (KOHA) | |
| Koha item type | Book |
| Source of classification or shelving scheme | |
| Withdrawn status | Lost status | Damaged status | Not for loan | Collection code | Permanent Location | Current Location | Shelving location | Date acquired | Source of acquisition | Cost, normal purchase price | Total Checkouts | Full call number | Barcode | Date last seen | Date last checked out | Price effective from | Koha item type |
|---|---|---|---|---|---|---|---|---|---|---|---|---|---|---|---|---|---|
| Central Library (CL) | Central Library (CL) | 03/06/2013 | Progessive International Agencies(Pvt) Limited | 3.00 | 4 | 514.24 LIA | RCMS002186 | 10/11/2025 | 10/05/2025 | 03/06/2013 | Book |
